000
00251nam a2200121Ia 4500
100
_a
DEOPUJARI/U.P.
942
_c
RB
245
_a
MAHARASHTRA PENSION RULES
260
_b
Nagpur Law House
_a
Nagpur
300
_a
311
546
_a
ENGLISH
999
_c
30888
_d
30888